000 00568ntaaa2200217 4500
003 01
005 20251027202832.0
008 0714s1973 ag 01
040 _aAR-BaBN
_bspa
_cAR-BaBN
_eaacr
_dRIC
082 _a268.6100 H43
100 _aHeron, Frances Dunlap
_928962
245 _aKathy Ann
250 _a1 ed.
260 _aNew York :
_bAbingdon Press,
_cc1955
300 _a128 p
500 _aA child's-eye view of Sunday school
650 _aescuela dominical-párvulos
_921008
650 _apárvulos
_93768
650 _ajardin de infantes
942 _cBK
999 _c23759
_d23759